Third in Line: TV Siblings Quiz Stats

 Plays Quiz Updated Jul 13, 2017

Support Sporcle.
Go Orange.
Score 0/20 Timer 03:00
1 Play Today
% Correct
The Simpsons
95.9%
Family Guy
91.9%
Full House
84.2%
The Fresh Prince of Bel-Air
82%
Little House on the Prairie
81.2%
Dallas
80.4%
Home Improvement
79.1%
Modern Family
78.2%
Arrested Development
76.2%
Roseanne
72%
% Correct
The Wonder Years
72%
Family Ties
71%
Downton Abbey
68.1%
Growing Pains
64.6%
Family Matters
63.4%
Bob's Burgers
62.3%
Boy Meets World
61.7%
7th Heaven
58.4%
Eight Is Enough
56.3%
Party of Five
49.3%

You're not logged in!

Compare scores with friends on all Sporcle quizzes.
OR
Log In
Forgot?

From the Vault

Movie Three-scriptions

by MSUKent

The best part of this game is reciting the answers in an Incredible Hulk voice.
Remove Ads.
Support Sporcle.
Get the best of Sporcle when you Go Orange. This ad-free experience offers more features, more stats, and more fun while also helping to support Sporcle. Thank you for becoming a member.

Show Comments

Extras

Top Quizzes Today


Score Distribution

Your Account Isn't Verified!

In order to create a playlist on Sporcle, you need to verify the email address you used during registration. Go to your Sporcle Settings to finish the process.

Report this User

Report this user for behavior that violates our Community Guidelines.

Details: